00313cam a2200133ua 450000100060000000800390000604000090004504100080005408200100006224500490007226000390012130000100016065300090017010147170412n ii |||gr||||Z||||||eng cMAIN aeng a158.3 aIntelligence tests and S.S. board interviews aNew Delhi:bVarma brothers,c1963. a264p. aMAIN